000 00559nam a2200193Ia 4500
003 GCL
008 140319s9999 xx 000 0 ara d
040 _aGCL /
_cGCL
082 0 4 _a891.7
_bا ا
100 1 _aايتماتوف، تشينغيز
245 1 0 _aارض الام /
_cايتماتوف، تشينغيز
700 1 _aفؤاد التلاوى
300 _a196 ص
490 _a
650 0 4 _aالقصص الروسية
650 0 4 _aالادب الروسى المترجم
650 0 4 _aالادب العالمى المترجم
942 _2ddc
_cBK
999 _c40038
_d40038